MARC

LEADER 00000nam a22000007a 4500
001 28796
003 AGDB
005 20260324181529.0
008 250416b spa||||| |||| 00| 0 cat d
017 |a B 19672-2024 
040 |a agdb  |b cat 
245 |a Brodats salvatges :   |b enfilar el paisatge 
260 |a Barcelona :   |b Xarxa de Parcs Naturals :   |b Diputació de Barcelona ;   |c 2024 
300 |a 1 díptic ;   |c 30 cm 
500 |a Fulletó de l'exposició realitzada a l'Espai d'Art La Cabanya del Castell, del 19 d'octubre de 2024 al 22 de juny de 2025. 
610 1 0 |a Parc del Castell de Montesquiu (Catalunya)  |x Activitats culturals  |9 52722 
655 0 |a Fulletons  |9 55858 
710 1 |a Parc del Castell de Montesquiu (Catalunya)  |9 52663 
710 1 |a Barcelona (Catalunya : Província).  |b Xarxa de Parcs Naturals  |9 7250 
942 |2 udc  |c ARXIU  |n 1 
952 |0 0  |1 0  |4 0  |6 FU7825  |7 1  |9 97965  |a Arxiu  |b Arxiu  |d 2025-04-16  |l 0  |o FU-78-25  |p 28796  |r 2025-04-16 00:00:00  |w 2025-04-16  |y ARXIU 
999 |c 129754  |d 129754